000 00963nac a22002537a 4500
001 BR7312183
003 BR-BrBNA
005 20240105113638.0
008 230509b bl.|||m| |||| 00| 0 por d
040 _aBR-BrBNA
_bpor
_cBiblioteca Nacional de Agricultura
072 _aL60
090 _a8150 BR7312183
100 1 _aJardim, L.F.A.
110 1 _aPontificia Universidade Catolica do Rio Grande do Sul, Porto Alegre (Brasil). Museu de Ciencias
_97841
245 1 _aSienideos marinhos da costa do Brasil sul (Acanthopterygii-perciformes-Scianidae)[taxonomia animal, peixe marinho]
260 3 _aPorto Alegre, RS (Brasil):
_c1973.
300 _a61 p.
490 _aComunicacoes do Museu de Ciencias da PUCRGS. Zoologia (Brazil)
_vno. 3
_x
500 _a17 illus.; Bibliography p. 36-51 (165 ref.); Summaries (En, Pt)
650 _aTAXONOMIA ANIMAL
650 _aPEIXE MARINHO
909 _a202312
_bLúcia Elande
_c55
_dLúcia Elande
942 _2AGRIS
_n0
_cMS
999 _c264793
_d264793